000 00538nam a2200193Ia 4500
003 OSt
005 20251120145321.0
008 221004b |||||||| |||| 00| 0 eng d
037 _cTB
040 _aCRL
_cCRL
_beng
041 _2eng
_aeng
084 _aT48.2sN98 N8
_qCL
245 0 _aIndian students/trainees going abroad:
_b 1997-98
260 _aNew Delhi, India:
_bGovernment of India;
_c2000.
300 _a52p.
_ccm.
650 _aEDUCATION
_9852650
942 _hT48.2sN98 N8
_cTB
_2CC
_n0
999 _c980706
_d980706